La edad de la fe: historia de la civilización medieval desde Constantino a Dante
Guardat en:
| Autor principal: | |
|---|---|
| Format: | Llibre |
| Idioma: | espanyol |
| Publicat: |
Buenos Aires, Argentina
Sudamericana
1956
|
| Matèries: | |
| Etiquetes: |
Afegir etiqueta
Sense etiquetes, Sigues el primer a etiquetar aquest registre!
|
MARC
| LEADER | 00000nam a2200000 a 4500 | ||
|---|---|---|---|
| 001 | UCP4924 | ||
| 003 | CL-VaPUC | ||
| 005 | 20230120114935.0 | ||
| 008 | 990821e19560000AG |||||||||||||||||spa|d | ||
| 999 | |c 282814 |d 282812 | ||
| 040 | |c Pontificia Universidad Católica de Valparaíso | ||
| 082 | 0 | 4 | |a 940.1 DUR 1956 |2 21 |
| 100 | 0 | |a Durant, Will |e autor |9 432963 | |
| 245 | 1 | 3 | |a La edad de la fe: |b historia de la civilización medieval desde Constantino a Dante |
| 260 | |a Buenos Aires, Argentina |b Sudamericana |c 1956 | ||
| 300 | |a 3 volúmenes | ||
| 583 | |a last modification |c 19990821 00:00:00 |k Rodrigo Vera | ||
| 600 | 0 | |a Constantino |2 CL-VaPUC |9 398355 | |
| 600 | 0 | |a Justiniano I |d 483-565 |9 858631 | |
| 600 | 0 | |a Mahoma, |d 570-632 |9 482781 | |
| 600 | 0 | |a Abelardo, Pedro |2 CL-VaPUC |9 345662 | |
| 600 | 0 | |a Alighieri, Dante |d 1265-1321 |9 880015 | |
| 650 | 0 | |a Civilización medieval |9 265320 |x Historia de la religión | |
| 650 | 0 | |a Imperio Bizantino |9 315386 |x Historia del arte | |
| 650 | 0 | |a Cristianismo |9 257361 | |
| 650 | 0 | |a Feudalismo |9 313469 |x Cruzadas | |
| 650 | 0 | |a Cruzadas |x Historia eclesiástica |9 319513 | |
| 942 | |c BK |2 ddc | ||
| 945 | |d 19990821 00:00:00 |a crobeson | ||
| 952 | |0 0 |1 0 |2 ddc |4 0 |6 940_100000000000000_DUR_1956 |7 0 |8 A |9 325247 |a BIBHIS |b BIBHIS |d 2019-11-20 |h v.3 |i 1356356 |l 1 |o 940.1 DUR 1956 |p 1356356 |r 2025-01-20 |s 2023-04-26 |t 1 |w 2019-11-20 |y BK |k HIS | ||